[Event "HCL-A2522"]
[Site "www.playchess.de"]
[Date "2006.01.18"]
[Round "6"]
[White "seisan"]
[Black "cocohubert"]
[WhiteElo "1516"]
[BlackElo "1356"]
[PlyCount "57"]
[Result "1-0"]

1.e4 {Hello from Chennai,India.Have a good 
tournament.}  c5 2.Nf3 d6 {you too}  3.d4 cxd4 
4.Nxd4 g6 5.c4 Bg7 6.Nc3 Nf6 7.Be2 O-O 8.O-O b6 
9.f4 Bb7 10.Bf3 Qc7 11.Ndb5 Qxc4 12.e5 Bxf3 
13.Qxf3 Nc6 14.exf6 {what u playing at,my man?}  
Bxf6 {what do you mean?}  15.Be3 {master yoda says 
"piece you have lost.have not you?"}  Bxc3 16.Nxc3 
Qe6 17.Rae1 Qd7 18.f5 Ne5 19.Qg3 f6 20.Bh6 Rf7 
21.Nd5 g5 22.h4 e6 23.fxe6 Qxe6 24.Nf4 Qg4 25.Qxg4 
Nxg4 26.hxg5 Nxh6 27.gxh6 Rd7 28.Nd5 Rf8 
29.Nxf6+ 1-0

[Event "HCL-A2505"]
[Site "www.playchess.de"]
[Date "2006.01.18"]
[Round "34"]
[White "Jule"]
[Black "Genesio"]
[WhiteElo "1416"]
[BlackElo "1065"]
[PlyCount "63"]
[Result "1/2-1/2"]

1.e4 c5 2.c4 Nc6 3.Nf3 g6 4.Nc3 Bg7 5.Be2 e6 6.O-O 
Nge7 7.d3 O-O 8.Bg5 Ne5 9.Rb1 f6 10.Bh4 Nxf3+ 
11.Bxf3 a6 12.Re1 e5 13.Nd5 Nxd5 14.exd5 d6 15.Qd2 
Re8 16.b4 b6 17.bxc5 bxc5 18.h3 g5 19.Bg3 Bf5 
20.Bh2 Rb8 21.Rxb8 Qxb8 22.g4 {I wish happy 
Christmas. All your wishes ´ld like to arrive you 
and your family}  Bg6 {to you!!}  23.Bg3 h6 24.Be4 
Bxe4 {(offering draw)}  25.dxe4 Re7 26.Kg2 Rb7 
27.Re2 Bf8 28.Kf3 Be7 29.h4 Kg7 30.hxg5 hxg5 
31.Qc3 Bd8 32.Kg2 {(offering draw)} 
 1/2-1/2

[Event "HCL-C4070"]
[Site "www.playchess.de"]
[Date "2006.01.18"]
[Round "7"]
[White "IRONMAIDEN"]
[Black "Kirill1"]
[WhiteElo "1382"]
[BlackElo "800"]
[PlyCount "57"]
[Result "1-0"]

1.e4 d5 2.exd5 Qxd5 3.Nc3 Qe6+ 4.Qe2 Qg6 5.d3 Na6 
6.Bf4 e6 7.O-O-O Bd6 8.Bxd6 cxd6 9.Kb1 Ne7 10.Nf3 
e5 11.g3 Nf5 12.Bg2 O-O 13.Nd5 Be6 14.Ne3 Nd4 
15.Nxd4 Rac8 16.Nxe6 Qxe6 17.c3 b5 18.h4 f5 19.Bd5 
Qxd5 20.Nxd5 Rfe8 21.Qd2 Nc7 22.Nxc7 Rxc7 23.Qg5 
Re6 24.Qxf5 Rf6 25.Qe4 Rxf2 26.Rhf1 Rxf1 27.Rxf1 
a5 28.Qa8+ Rc8 29.Qxc8+ 1-0

[Event "ACL-M069"]
[Site "www.playchess.de"]
[Date "2006.01.18"]
[Round "9"]
[White "Nosferatu"]
[Black "Sclub"]
[WhiteElo "2162"]
[BlackElo "2161"]
[PlyCount "191"]
[Result "1-0"]

1.d4 {Hi and good game from germany :-)}  d5 {good 
luck}  2.c4 c6 3.Nf3 Nf6 4.e3 e6 5.Bd3 Nbd7 6.Nc3 
dxc4 7.Bxc4 b5 8.Bd3 Bb7 9.O-O b4 10.Ne4 Be7 
11.Nxf6+ Nxf6 12.e4 O-O 13.Qe2 c5 14.dxc5 Nd7 
15.c6 Bxc6 16.Be3 Bb7 17.Rac1 Qa5 18.Bb5 Nf6 
19.Nd4 Rac8 20.Nb3 Qd8 21.f3 Rxc1 22.Rxc1 Qb8 
23.Na5 Ba8 24.Nc6 Bxc6 25.Bxc6 Bd6 26.g3 Rc8 
27.Kg2 h6 28.Qa6 Rc7 29.Qa4 Be5 30.Rc2 Bd6 31.Rd2 
Qf8 32.Bd4 e5 33.Bxa7 Bc5 34.Bxc5 Qxc5 35.Bd5 Ra7 
36.Qb3 Qe7 37.Qe3 Nxd5 38.exd5 Rd7 39.a4 bxa3 
40.bxa3 Qd6 41.Qb3 Qc7 42.Qb4 Qc1 43.d6 g6 44.Qa5 
Kh7 45.a4 Qc6 46.Qxe5 Qxa4 47.Qd5 Qb4 48.f4 Kg7 
49.Kh3 Qb1 50.Rd1 Qb4 51.Qc6 Qa5 52.Rd5 Qd8 53.Rd2 
Kh7 54.Qd5 Qc8 55.f5 Qe8 56.Kg2 Kg7 57.Rf2 gxf5 
58.Rxf5 Qe6 59.Qd4+ Kg6 60.Rd5 Qe2+ 61.Kh3 Qe6+ 
62.g4 Qe1 63.Re5 Qf1+ 64.Kg3 Qf6 65.Qd3+ Kg7 
66.Rd5 Qe6 67.Qd4+ Kg8 68.Kf3 f6 69.Qd3 Kg7 70.h3 
Kh8 71.Kf4 Kg7 72.h4 Qe1 73.h5 Qf2+ 74.Qf3 Qh2+ 
75.Qg3 Qa2 76.Rd4 Kf7 77.Qe3 Qh2+ 78.Kf5 Qa2 
79.Rd2 Qa5+ 80.Kf4 Kg7 81.Kf3 Qb4 82.Qd4 Qb1 
83.Qd3 Qh1+ 84.Kf4 Qe1 85.Qe3 Qf1+ 86.Kg3 Qc1 
87.Qd3 Kf8 88.Rc2 Qg1+ 89.Kf4 Rd8 90.d7 Qe1 91.Rd2 
Qe5+ 92.Kf3 Qc5 93.Qe4 Qc3+ 94.Qe3 Qc6+ 95.Kg3 
Qc7+ 96.Kh3 1-0

[Event "HCL-B3760"]
[Site "www.playchess.de"]
[Date "2006.01.18"]
[Round "9"]
[White "RUDI"]
[Black "Wilmy"]
[WhiteElo "1284"]
[BlackElo "1217"]
[PlyCount "72"]
[Result "0-1"]

1.e4 {Hallo!}  e5 {Grüße aus Berlin! Und viel 
Freude an unserer Partie! Wilm}  2.d4 {Good luck 
aus Neuried bei München.}  exd4 3.Qxd4 Nc6 {Gut 
Sport! aus Berlin-Schoeneberg!}  4.Qd1 Nf6 5.Nc3 
Bb4 6.Bg5 O-O 7.Bd3 Qe7 8.Qd2 Ne5 9.O-O-O Neg4 
10.f3 Ne5 11.h4 h6 12.Bf4 d6 13.a3 Bc5 14.Nh3 Nh5 
15.Nd5 Qd7 16.Bxe5 dxe5 17.f4 Re8 18.f5 c6 19.Nc3 
Qc7 20.g4 Nf6 21.g5 Ng4 22.Qe2 h5 23.Na4 Bb6 
24.Nxb6 Qxb6 25.Rde1 a5 26.Rhg1 Qc5 27.Rg3 b5 
28.Kb1 Bd7 29.Qd2 b4 30.b3 bxa3 31.Bc4 Reb8 
32.Qxd7 Qxc4 33.Rd1 a4 34.Rgd3 axb3 35.Rxb3 Rxb3+ 
36.cxb3 {ich hab mich da völlig verkalkuliert...}  
Qxb3+ {Solche Dinger passieren, gerade auch beim 
Schach, und das macht dieses Spiel so spannend und 
ergreifend. Ansonsten wäre es ja auch langweilig.- 
Schöne Grüße aus Berlin, Wilm} 
 0-1

[Event "HCL-A2550"]
[Site "www.playchess.de"]
[Date "2006.01.18"]
[Round "5"]
[White "Reinbo"]
[Black "hal1958"]
[WhiteElo "1770"]
[BlackElo "1480"]
[PlyCount "61"]
[Result "1-0"]

1.e4 {Good luck and nice game.}  e5 {Reinier, ook 
een prettige partij voor jou gewenst}  2.Nf3 d6 
3.d4 {Ik kom uit Volendam, en jij?}  Nf6 {Een 
prettig nieuwjaar gewenst uit Eindhoven}  4.Bg5 
{Ook het beste voor 2006!}  Be7 5.Nc3 Bg4 6.dxe5 
dxe5 7.Qxd8+ Bxd8 8.Nxe5 Be6 9.O-O-O O-O 10.f4 a6 
11.f5 Bc8 12.Bc4 Nc6 13.Nxc6 bxc6 14.g4 h6 15.Bh4 
Be7 16.Rhg1 Bb7 17.e5 Nd5 18.Bxe7 Nxe7 19.Rd7 Nd5 
20.Bxd5 cxd5 21.Rd1 Rac8 22.Nxd5 Bxd5 23.R1xd5 
Rfe8 24.Ra5 Kf8 25.c4 c5 26.Rd5 Rc6 27.Rdxc5 Rec8 
28.Rxc6 Rxc6 29.c5 Ke7 30.Kc2 g6 
31.Kc3 1-0

[Event "HCL-B3836"]
[Site "www.playchess.de"]
[Date "2006.01.18"]
[Round "16"]
[White "Akkarin"]
[Black "PhilipKaveny"]
[WhiteElo "1351"]
[BlackElo "1353"]
[PlyCount "53"]
[Result "1/2-1/2"]

1.d3 {Hello from Imardin, Kyralia}  g6 { Hello 
Imardin, Kyralia I will try to give you a better 
game  this time}  2.c3 {Imardin is a city in the 
country Kyralia (both from a fantasy book). We 
will see :-)
}  Bg7 {Cool}  3.Nd2 d5 4.e4 dxe4 5.dxe4 Nh6 
6.Ngf3 O-O 7.Qc2 Nc6 8.Be2 Bg4 9.O-O Bxf3 10.Nxf3 
e6 11.Be3 Ng4 12.Bd2 Nge5 13.Nxe5 Nxe5 14.Bf4 c6 
15.Rad1 Qf6 16.Bg3 Rfd8 17.Rxd8+ Rxd8 18.Rd1 Rxd1+ 
19.Bxd1 Qd8 20.f4 Nc4 21.Be2 Nb6 22.e5 Bf8 23.Bf2 
Qc7 24.g3 a6 25.Qb3 Nd5 26.Bf3 b5 27.Bxd5 
{(offering draw)}  1/2-1/2

[Event "HCL-B3785"]
[Site "www.playchess.de"]
[Date "2006.01.18"]
[Round "35"]
[White "evets"]
[Black "GMO"]
[WhiteElo "1445"]
[BlackElo "1304"]
[PlyCount "94"]
[Result "1/2-1/2"]

1.Nf3 e6 2.d4 Be7 3.e4 d6 4.c4 c5 5.Be3 cxd4 
6.Bxd4 e5 7.Be3 Nf6 8.Nc3 a6 9.Nd5 Nxd5 10.cxd5 
O-O 11.Be2 h6 12.O-O b5 13.Rc1 Qa5 14.a3 Bg4 
15.Bd2 Qd8 16.h3 Bh5 17.g4 Bg6 18.Bd3 Nd7 19.b4 
Nf6 20.Re1 Nh7 21.Rc3 Ng5 22.Kg2 Nxf3 23.Qxf3 Bg5 
24.Bxg5 Qxg5 25.Rec1 Rfb8 26.R3c6 Kh8 27.R1c2 Qd8 
28.Kg3 Rbc8 29.h4 Rxc6 30.Rxc6 f6 31.h5 Be8 32.Rc3 
Rc8 33.Be2 Bd7 34.Qe3 Rxc3 35.Qxc3 Qb6 36.Kf3 Qb7 
37.Kg3 Qc8 38.Qxc8+ Bxc8 39.f4 Kg8 40.f5 Kf7 
41.Kf3 {(offering draw)}  Ke7 42.Ke3 {(offering 
draw) This is book draw.}  Kd7 {Calma rapaz!}  
43.Kd3 Kc7 44.Kc3 {Translation of 'rapaz'}  Kb6 
{Rapaz = boy}  45.Kd3 a5 46.Kc3 axb4+ 47.axb4 Ba6 
{(offering draw)}  1/2-1/2

[Event "HCL-B3841"]
[Site "www.playchess.de"]
[Date "2006.01.18"]
[Round "7"]
[White "Phileas"]
[Black "VITAL"]
[WhiteElo "1444"]
[BlackElo "1229"]
[PlyCount "75"]
[Result "1-0"]

1.d4 e6 2.e4 {enjoy your game!!!!!!!!!!!!}  d5 
3.e5 f6 4.Nf3 Nd7 5.Bf4 a6 6.c4 Bb4+ 7.Bd2 Qe7 
8.a3 Bxd2+ 9.Nbxd2 Nh6 10.Bd3 fxe5 11.Nxe5 Qg5 
12.O-O Nxe5 13.dxe5 O-O 14.Nf3 Rxf3 15.Qxf3 Bd7 
16.Rfe1 Rf8 17.Qg3 Qe7 18.Re3 Nf5 19.Bxf5 exf5 
20.Qf4 Be6 21.cxd5 Bxd5 22.Qb4 c5 23.Qb6 Qg5 
24.Rg3 Qh4 25.Qxc5 Rd8 26.Rd1 Qe4 27.Qe7 {Danke 
sehr fuer diesen Spiel, es war ganz interessant.}  
g6 28.Qxd8+ Kg7 29.Qxd5 Qc2 30.b4 b5 31.Rgd3 f4 
32.e6 Qe2 33.Qd7+ Kf6 34.Qf7+ Kg5 35.R3d5+ Kg4 {ok 
deine partie.ich werde mich rechnen.}  36.h3+ 
{Eintschuldigung, aber was meinst du? "mich 
rechnen"?}  Kh4 {ich meine in andere turnir ich 
werde dein König atakiren und Mat machen.ich bin 
aus Rusland und di sprache fur mich problem.danke 
fur das spiel.}  37.Qf6+ {danke sehr. Deutsch is 
nicht deine Mutterspracher? Willst du im email 
schreiben? Ich wurde in bischen Deutsch lernen. 
Danke! Was is Rusland (Russia?)}  g5 {ja 
Russia.und wegen email,keine anung was 
schreiben.aber ich werde mich anmelden in turnir 
wo auch du spielst.sprache-Russis,Deutch,Polski.}  
38.Qxg5+ {ach so, sprache Russi, Deutsch, Polski!! 
Danke fuer anmelden in turnir wo Ich spiele. Meine 
email wurde dir geben.}  1-0

[Event "HCL-C4049"]
[Site "www.playchess.de"]
[Date "2006.01.18"]
[Round "17"]
[White "ama49"]
[Black "epenz"]
[WhiteElo "1188"]
[BlackElo "993"]
[PlyCount "57"]
[Result "1-0"]

1.e4 e5 2.Nf3 Nc6 3.Bc4 h6 4.d4 exd4 5.Nxd4 Nxd4 
6.Qxd4 Nf6 7.O-O d6 8.Nc3 Be7 9.Re1 O-O 10.h3 a6 
11.Nd5 Nxd5 12.exd5 c6 13.dxc6 bxc6 14.Qe4 Qc7 
15.Qxe7 Qxe7 16.Rxe7 Rb8 17.Rc7 Rb6 18.Bf4 d5 
19.Bd3 Rxb2 20.Rxc6 Be6 21.Rxa6 Rbb8 22.Bxb8 Rxb8 
23.a4 Kf8 24.a5 Ke7 25.Ra7+ Kf6 26.a6 g5 27.Rb7 
Ra8 28.a7 Ke5 29.Rb8 1-0

[Event "HCL-A2544"]
[Site "www.playchess.de"]
[Date "2006.01.18"]
[Round "8"]
[White "FighterFights"]
[Black "mitke"]
[WhiteElo "1887"]
[BlackElo "1337"]
[PlyCount "65"]
[Result "1-0"]

1.d4 Nf6 {Hello from Croatia}  2.c4 {Hi from 
India. Best luck}  g6 3.Nc3 Bg7 4.e4 d6 5.Nf3 O-O 
6.Be2 c5 7.O-O Nbd7 8.Re1 Nb6 9.Bg5 h6 10.Bh4 g5 
11.Bg3 Nh5 12.Qd3 Nxg3 13.hxg3 Be6 14.Nd5 Bxd5 
15.exd5 f5 16.Rab1 Qc7 17.dxc5 Qxc5 18.b4 Qc7 
19.Nd4 Bxd4 20.Qxd4 Nd7 21.Rec1 b6 22.g4 f4 23.Rc3 
Rae8 24.Rbc1 e5 25.dxe6 Rxe6 26.Bf3 Nf6 27.c5 b5 
28.Qd3 a6 29.c6 Kg7 30.a4 Rb8 31.axb5 Rxb5 32.Qd4 
Kf7 33.Ra1 1-0

[Event "HCL-A2519"]
[Site "www.playchess.de"]
[Date "2006.01.18"]
[Round "14"]
[White "talewisx"]
[Black "zemljanin"]
[WhiteElo "1254"]
[BlackElo "1405"]
[PlyCount "84"]
[Result "0-1"]

1.c4 e5 2.Nf3 e4 3.Nd4 c5 4.Nc2 g6 5.Nc3 f5 6.b3 
Bg7 7.Bb2 a6 8.Rb1 Ne7 9.Nd5 Bxb2 10.Rxb2 Nxd5 
11.cxd5 d6 12.g3 Qf6 13.Rb1 Qe5 14.Ne3 b5 15.a4 
O-O 16.Bg2 Bb7 17.f4 exf3 18.Bxf3 f4 19.Ng4 Qg5 
20.h4 Qe7 21.e4 fxe3 22.dxe3 h5 23.Qd3 Rxf3 
24.Qxg6+ Kf8 25.Qh6+ Ke8 26.Qxh5+ Kd8 27.Qg5 Qxg5 
28.hxg5 Bxd5 29.Rh6 Rxg3 30.Rxd6+ Kc7 31.Rxd5 Rg1+ 
32.Kf2 Rxb1 33.g6 Nd7 34.Nh6 Rh1 35.Nf5 Rh5 36.e4 
c4 37.g7 cxb3 38.Rd1 Rxf5+ 39.exf5 bxa4 40.Rh1 Nf6 
41.Rh8 Rg8 42.Rh6 Ng4+ 0-1

[Event "HCL-B3837"]
[Site "www.playchess.de"]
[Date "2006.01.18"]
[Round "2"]
[White "Skipper_Robert"]
[Black "PhilipKaveny"]
[WhiteElo "1016"]
[BlackElo "1353"]
[PlyCount "96"]
[Result "0-1"]

1.e4 {once more, hello!}  e5 {sure}  2.Nf3 Nc6 
3.d4 exd4 4.Nxd4 Nxd4 5.Qxd4 d6 6.Nc3 Nf6 7.Bg5 
Be7 8.h3 O-O 9.O-O-O a5 10.Bc4 h6 11.Bxf6 Bxf6 
12.Qe3 Bxc3 13.Qxc3 Qg5+ 14.Kb1 a4 15.g4 a3 
16.bxa3 b5 17.Bd3 c5 18.Bxb5 Rb8 19.a4 Ba6 20.Qc4 
Qe7 21.Kc1 Bxb5 22.axb5 Qg5+ 23.Kb1 Qf4 24.Rhf1 
Rfd8 25.f3 Rd7 26.a4 Qe3 27.a5 Qa3 28.a6 Qxa6 {My 
God you are a  tough player. I have to cheat to 
win :)}  29.Kc1 {you play to good for me, but I 
learn many thinks at any game}  Rxb5 {No you are 
every bit as good as me but I am a fighter}  
30.Kd2 Qa5+ 31.Ke2 Rb4 32.Rda1 Rxc4 33.Rxa5 Rxc2+ 
34.Kd1 Rh2 35.Rg1 Rxh3 36.f4 d5 37.Re1 dxe4+ 
38.Kc1 Rh4 39.Rxe4 Rxg4 40.Rxc5 Rg2 41.Rc2 Rxc2+ 
42.Kxc2 Kf8 43.Kc3 Re7 44.Kd3 Rxe4 45.Kxe4 Ke7 
46.Ke5 g6 47.Ke4 f5+ 48.Kf3 g5 0-1

[Event "HCL-B3824"]
[Site "www.playchess.de"]
[Date "2006.01.18"]
[Round "9"]
[White "Bense"]
[Black "pirracas"]
[WhiteElo "1068"]
[BlackElo "1801"]
[PlyCount "50"]
[Result "0-1"]

1.e4 c5 2.Nc3 Nc6 3.f3 Nf6 4.Qe2 e6 5.g3 Nd4 6.Qd1 
d5 7.Nge2 Nxf3+ 8.Kf2 d4 9.Kxf3 dxc3 10.bxc3 Nxe4 
11.Kxe4 Qd5+ 12.Ke3 Qxh1 13.h4 c4 14.Kf2 Bc5+ 
15.d4 Bd6 16.Ke1 e5 17.dxe5 Bxe5 18.Bb2 Bh3 19.Kf2 
Qh2+ 20.Ke1 Bxg3+ 21.Kd2 Rd8+ 22.Kc1 Rxd1+ 23.Kxd1 
Bxf1 24.Nxg3 Qxg3 25.Kd2 Qf2+ 0-1

[Event "HCL-B3820"]
[Site "www.playchess.de"]
[Date "2006.01.18"]
[Round "2"]
[White "GMO"]
[Black "RUDI"]
[WhiteElo "1337"]
[BlackElo "1257"]
[PlyCount "83"]
[Result "1-0"]

1.e4 e5 2.Nf3 Nc6 3.Bb5 a6 4.Bxc6 dxc6 5.d3 Bd6 
6.O-O Be6 7.Bd2 Ne7 8.a3 Qd7 9.Nc3 O-O 10.Ng5 f6 
11.Nxe6 Qxe6 12.h3 f5 13.exf5 Nxf5 14.Ne4 c5 
15.Bc3 b6 16.Qg4 Rae8 17.Bd2 Nh6 18.Qxe6+ Rxe6 
19.Ng5 Rg6 20.Rae1 Nf7 21.Nxf7 Rxf7 22.Bc3 Re7 
23.Re4 a5 24.Rfe1 Rg5 25.f4 Rf5 26.fxe5 Bxe5 
27.R4xe5 Rexe5 28.Rxe5 Rxe5 29.Bxe5 c6 30.Bc7 b5 
31.Bb6 a4 32.Bxc5 Kf7 33.Kf2 Ke6 34.Bd4 g5 35.g4 
h6 36.Bg7 h5 37.Ke3 hxg4 38.hxg4 Kf7 39.Be5 Ke6 
40.Ke4 c5 41.c3 c4 42.d4 1-0

[Event "HCL-B3832"]
[Site "www.playchess.de"]
[Date "2006.01.18"]
[Round "8"]
[White "Akkarin"]
[Black "Bense"]
[WhiteElo "1333"]
[BlackElo "1108"]
[PlyCount "51"]
[Result "1-0"]

1.d3 {Hello from Imardin, Kyralia}  e5 {Hi,}  
2.Nd2 f6 3.e4 Nc6 4.c3 d6 5.Ngf3 Nge7 6.Be2 Be6 
7.Qc2 d5 8.O-O g5 9.exd5 Bxd5 10.Ne4 Ng6 11.Rd1 
Be7 12.d4 exd4 13.Nxd4 Nxd4 14.Rxd4 a6 15.c4 c5 
16.Rxd5 Qc7 17.Be3 b6 18.Rad1 Ne5 19.Bh5+ Kf8 
20.Nxg5 Qc6 21.Nf3 Ra7 22.Nxe5 fxe5 23.Qf5+ Bf6 
24.R5d6 Qa4 25.Qxf6+ Kg8 26.R6d8+ 1-0

[Event "HCL-C4065"]
[Site "www.playchess.de"]
[Date "2006.01.18"]
[Round "14"]
[White "mudelta"]
[Black "nico21"]
[WhiteElo "1125"]
[BlackElo "1472"]
[PlyCount "78"]
[Result "0-1"]

1.e4 c5 2.Nf3 a6 3.c3 Nf6 4.e5 Nd5 5.Bc4 e6 6.d4 
cxd4 7.cxd4 Bb4+ 8.Bd2 Qa5 9.Bxd5 Bxd2+ 10.Nbxd2 
Qxd5 11.O-O Nc6 12.Nb3 O-O 13.Rc1 d6 14.exd6 Qxd6 
15.Qe2 Qc7 16.Ne5 Qd6 17.Qe4 Bd7 18.Rfd1 Rfd8 
19.Qf4 Qe7 20.h3 Nxe5 21.dxe5 Bc6 22.Nd4 Qb4 
23.Nxe6 Rxd1+ 24.Rxd1 Qxb2 25.Rd8+ Rxd8 26.Nxd8 
Bd5 27.h4 Qb6 28.Qg5 Bxa2 29.Qe7 h6 30.Nxb7 Qe6 
31.Qd8+ Kh7 32.Qd3+ Qg6 33.Qxg6+ Kxg6 34.f4 Kf5 
35.g3 Bd5 36.Nc5 a5 37.Kf2 Bc6 38.Kg1 a4 39.Kh2 
a3 0-1

[Event "HCL-B3804"]
[Site "www.playchess.de"]
[Date "2006.01.18"]
[Round "2"]
[White "aquiles"]
[Black "dynamike"]
[WhiteElo "1341"]
[BlackElo "1479"]
[PlyCount "81"]
[Result "1-0"]

1.d4 Nf6 2.Bf4 d6 3.Nf3 g6 4.e3 Bg7 5.Be2 O-O 
6.O-O c6 7.h3 Nbd7 8.c4 Re8 9.Nc3 Nh5 10.Bh2 e5 
11.dxe5 dxe5 12.Nd2 Nhf6 13.Nde4 Nxe4 14.Nxe4 f5 
15.Nd6 Re6 16.Nxc8 Rxc8 17.c5 Kh8 18.Qc2 Qe7 19.b4 
b6 20.Bc4 Rf6 21.Ba6 Rd8 22.cxb6 axb6 23.a3 Rff8 
24.Qxc6 Nb8 25.Qc4 f4 26.exf4 exf4 27.Rfe1 Qa7 
28.Rad1 Rxd1 29.Rxd1 Qxa6 30.b5 Qxa3 31.Bxf4 Qe7 
32.Bd6 Qf6 33.Bxf8 Qxf8 34.Qc7 Bf6 35.Qxb6 h6 
36.Rd6 Be7 37.Rxg6 Bc5 38.Rxh6+ Kg8 39.Qe6+ Qf7 
40.Rh8+ Kg7 41.Rh7+ 1-0

[Event "HCL-A2434"]
[Site "www.playchess.de"]
[Date "2006.01.18"]
[Round "34"]
[White "kali"]
[Black "Michael_Lloyd"]
[WhiteElo "1468"]
[BlackElo "1471"]
[PlyCount "50"]
[Result "0-1"]

1.e4 c5 {Hello again - good luck!}  2.Nf3 {Same to 
you !}  Nc6 3.d4 cxd4 4.Nxd4 Nf6 5.Nc3 e5 6.Nxc6 
bxc6 7.Bc4 Bb4 8.Bd2 O-O 9.O-O Bxc3 10.Bxc3 d5 
11.exd5 cxd5 12.Bb3 d4 13.Bb4 Re8 14.Qf3 Bg4 
15.Qg3 a5 16.Bd2 a4 17.Bc4 Rb8 18.b3 axb3 19.axb3 
Ne4 20.Qxg4 Nxd2 21.Rfe1 Nxc4 22.bxc4 Rb4 23.Qe2 
Qc7 24.Ra5 Qxa5 25.f4 e4 0-1

[Event "HCL-T255"]
[Site "www.playchess.de"]
[Date "2006.01.18"]
[Round "19"]
[White "abebebikila"]
[Black "gsmaior"]
[WhiteElo "1724"]
[BlackElo "1975"]
[PlyCount "46"]
[Result "0-1"]

1.e4 e5 2.Nf3 Nc6 3.Bb5 a6 {greetings from Brazil, 
Rio de Janeiro, a nice gamet to you !}  4.Ba4 Nf6 
5.O-O Be7 6.Re1 {hi, merry christmas}  b5 {Thank 
you, for you and your family too !}  7.Bb3 O-O 
8.c3 d6 9.h3 Bb7 10.d4 Re8 11.Nbd2 Bf8 12.d5 Nb8 
13.Nf1 Nbd7 14.Ng3 Nc5 15.Bc2 c6 16.b4 Ncd7 
17.dxc6 Bxc6 18.Bb3 Nb6 19.Bg5 h6 20.Bxf6 Qxf6 
21.Nh2 Rac8 22.Ng4 Qg5 23.Nf5 h5 0-1

[Event "HCL-C4081"]
[Site "www.playchess.de"]
[Date "2006.01.18"]
[Round "3"]
[White "dg"]
[Black "DavidFields"]
[WhiteElo "1216"]
[BlackElo "1178"]
[PlyCount "60"]
[Result "0-1"]

1.e4 {hi}  c5 {hello from Texas, USA}  2.Bc4 Nc6 
3.d3 e6 4.Nf3 d5 5.exd5 exd5 6.Bb3 Bg4 7.Nbd2 Qe7+ 
8.Qe2 Qxe2+ 9.Kxe2 Nd4+ 10.Kd1 O-O-O 11.c3 Nf5 
12.h3 Bxf3+ 13.Nxf3 f6 14.Kc2 b5 15.a3 Nge7 16.Be3 
c4 17.dxc4 dxc4 18.Ba2 Nxe3+ 19.fxe3 Rd3 20.Rhe1 
Nf5 21.e4 Ne3+ 22.Kc1 Nxg2 23.Rd1 Rxf3 24.b3 Bxa3+ 
25.Kb1 Rxc3 26.bxc4 bxc4 27.Bxc4 Rd8 28.Rxd8+ Kxd8 
29.Bd5 Ne3 30.Ra2 Rc1+ 0-1

[Event "HCL-C3952"]
[Site "www.playchess.de"]
[Date "2006.01.18"]
[Round "6"]
[White "Milosforman"]
[Black "JRockne"]
[WhiteElo "1011"]
[BlackElo "1054"]
[PlyCount "54"]
[Result "0-1"]

1.d4 d5 2.Nf3 Nf6 3.c3 Nc6 4.e3 Bg4 5.Be2 e6 6.Ne5 
Bxe2 7.Qxe2 Bd6 8.f3 O-O 9.Nxc6 bxc6 10.c4 Rb8 
11.c5 Be7 12.b4 Rxb4 13.Ba3 Rb7 14.Qa6 Qb8 15.Nc3 
Nh5 16.O-O Qa8 17.e4 Rfb8 18.e5 g6 19.Rfb1 Bg5 
20.Rxb7 Rxb7 21.Qa4 Rb8 22.Rb1 Rxb1+ 23.Nxb1 Qb7 
24.Nc3 Be3+ 25.Kf1 Bd2 26.Nb1 Qxb1+ 27.Kf2 
Qe1+ 0-1

[Event "HCL-M877"]
[Site "www.playchess.de"]
[Date "2006.01.18"]
[Round "10"]
[White "Cordi"]
[Black "Pitch"]
[WhiteElo "1624"]
[BlackElo "2037"]
[PlyCount "54"]
[Result "0-1"]

1.d4 {Hi, good luck.}  Nf6 {Same to you}  2.c4 e6 
3.Nf3 b6 4.g3 Bb7 5.Bg2 Be7 6.O-O O-O 7.Nc3 Ne4 
8.Qc2 Nxc3 9.Qxc3 c5 10.Bf4 d6 11.Rad1 Na6 12.a3 
Qc7 13.Rd2 cxd4 14.Nxd4 Bxg2 15.Kxg2 Bf6 16.Be3 
Rfc8 17.b3 d5 18.Rc1 Qb7 19.Kg1 e5 20.Nf5 d4 
21.Bxd4 exd4 22.Nxd4 Nc5 23.Qe3 Rce8 24.Qf4 Re4 
25.Qf3 Bxd4 26.Rxd4 Rxd4 27.Qxb7 
Nxb7 0-1

[Event "HCL-C4079"]
[Site "www.playchess.de"]
[Date "2006.01.18"]
[Round "11"]
[White "Treebeard"]
[Black "johnalle"]
[WhiteElo "1239"]
[BlackElo "1210"]
[PlyCount "24"]
[Result "0-1"]

1.e4 {Hello and good luck}  e5 {Hello from 
Minnesota, USA}  2.Nf3 Nc6 3.Bb5 d6 4.O-O Bd7 
5.Nc3 Nf6 6.d3 Be7 7.Bg5 O-O 8.Re1 Nd4 9.Bxd7 Qxd7 
10.Nd5 Nxd5 11.exd5 Nxf3+ 12.Qxf3 
Bxg5 0-1

[Event "HCL-C4035"]
[Site "www.playchess.de"]
[Date "2006.01.18"]
[Round "16"]
[White "foxcar"]
[Black "garden"]
[WhiteElo "1137"]
[BlackElo "1034"]
[PlyCount "95"]
[Result "1-0"]

1.d4 {hi, good luck}  e6 2.e4 Nf6 {hi}  3.e5 Nd5 
4.Bc4 Nb6 5.b3 d5 6.Bb5+ c6 7.Bd3 Bb4+ 8.c3 Be7 
9.Qg4 g6 10.Bh6 f5 11.Qe2 Bg5 12.Bg7 Rg8 13.Bf6 
Bxf6 14.exf6 Qxf6 15.Nf3 N8d7 16.O-O Nf8 17.a4 Bd7 
18.a5 Nc8 19.b4 b5 20.axb6 Nxb6 21.Ne5 h5 22.Nd2 
Nh7 23.f4 Ke7 24.Ndf3 Bc8 25.Nxc6+ Kd6 26.b5 Bb7 
27.Qe5+ Qxe5 28.Nfxe5 Bxc6 29.Nxc6 Nc8 30.Ra6 Nb6 
31.Kf2 Nf6 32.Rfa1 Ng4+ 33.Kg1 g5 34.h3 Ne3 35.Re1 
Nec4 36.Nxa7 Kc7 37.Rxe6 Nd6 38.Re7+ Nd7 39.b6+ 
Kd8 40.Nc6+ Kc8 41.Rxa8+ Kb7 42.Rxg8 Kxc6 43.Rxg5 
Nxb6 44.Rgg7 Ndc4 45.Bxf5 Kb5 46.Bg6 Nd6 47.Rec7 
Ne8 48.Bxe8+ 1-0

[Event "HCL-M861"]
[Site "www.playchess.de"]
[Date "2006.01.18"]
[Round "2"]
[White "PaulH"]
[Black "anne_t"]
[WhiteElo "2052"]
[BlackElo "1943"]
[PlyCount "53"]
[Result "0-1"]

1.d4 Nf6 2.c4 e6 3.g3 c5 4.Nf3 cxd4 5.Nxd4 Qc7 
6.e3 Be7 7.Nc3 O-O 8.a3 d6 9.Ndb5 Qc6 10.e4 a6 
11.Nd4 Qc7 12.Be3 Nbd7 13.f4 b6 14.Bg2 Bb7 15.Rc1 
Nc5 16.Qc2 Ng4 17.Bg1 Nf6 18.Be3 Ng4 19.Bg1 Rac8 
20.Bf3 Nh6 21.b4 Nd7 22.Bf2 e5 23.Nd5 Bxd5 24.cxd5 
Qxc2 25.Nxc2 exf4 26.gxf4 f5 27.exf5 0-1

[Event "HCL-C3990"]
[Site "www.playchess.de"]
[Date "2006.01.19"]
[Round "8"]
[White "surak"]
[Black "MAISABI"]
[WhiteElo "1115"]
[BlackElo "800"]
[PlyCount "62"]
[Result "0-1"]

1.e4 e5 2.Nf3 Nc6 3.Bb5 a6 4.Ba4 b5 5.Bb3 Qf6 
6.O-O Bc5 7.d3 h6 8.c3 d6 9.Re1 Bg4 10.h3 Bxf3 
11.Qxf3 b4 12.Qxf6 gxf6 13.Be3 Bxe3 14.Rxe3 bxc3 
15.Nxc3 h5 16.Bd5 Kd7 17.Rf3 Rf8 18.a4 Nd4 19.Rg3 
h4 20.Rg4 c6 21.Bc4 a5 22.Kf1 Ne7 23.Ne2 Nxe2 
24.Kxe2 d5 25.exd5 cxd5 26.Bb5+ Nc6 27.Rc1 Rfc8 
28.Rg7 Rhf8 29.Rh7 Kd6 30.Rxh4 Nd4+ 31.Kd2 
Nb3+ 0-1

[Event "HCL-B3759"]
[Site "www.playchess.de"]
[Date "2006.01.19"]
[Round "14"]
[White "JRockne"]
[Black "PhilipKaveny"]
[WhiteElo "1067"]
[BlackElo "1349"]
[PlyCount "142"]
[Result "0-1"]

1.e4 g6 2.d4 d6 3.Nf3 Bg4 4.h3 Bxf3 5.Qxf3 c6 
6.Bc4 e6 7.O-O d5 8.exd5 cxd5 9.Bb3 Bg7 10.c3 Nf6 
11.Bg5 O-O 12.Nd2 h6 13.Bf4 g5 14.Be5 Nc6 15.Ba4 
Nxe5 16.Qe3 Nc4 17.Nxc4 dxc4 18.Bb5 Qc7 19.Qe2 
Rac8 20.Rac1 a6 21.Ba4 b5 22.Bc2 a5 23.b3 Qc6 
24.bxc4 bxc4 25.Qd1 Ne4 26.Bxe4 Qxe4 27.Re1 Qg6 
28.g4 f5 29.d5 exd5 30.Re7 fxg4 31.Qxg4 Qf5 {You 
are quite the fighter my friend it is a pleasure 
to play against you}  32.Qxf5 {Thank you.  I do a 
bit too much fighting and not enough winning!  
Each year I resolve to study and get better.  Each 
year I muddle through...}  Rxf5 {I like your 
attitude and sufer from the  same problem}  33.Ra7 
d4 34.cxd4 Bxd4 35.Ra6 Bxf2+ 36.Kg2 {The noose 
begins to tighten....}  Bh4 {Yeah but you but you 
could wiggle out}  37.Rxh6 {I'm squirming. . .}  
Rf2+ 38.Kg1 Rxa2 39.Rc3 Rb8 40.Rc1 Rbb2 41.Rc6 
Rbg2+ 42.Kh1 Rgh2+ 43.Kg1 Rag2+ 44.Kf1 Rh1+ 
45.Kxg2 Rxc1 {Just Barely}  46.Kf3 {I can feel the 
noose...it is tigher, but I can .. .. .. 
breathe....}  a4 47.Ke4 a3 48.Ra6 c3 49.Rxa3 Kg7 
50.Kd4 Kg6 51.Ke5 Bg3+ 52.Ke4 Re1+ {I think that  
wraps you up.  But I have been wrong before}  
53.Kd3 {Maybe Maybe}  Kh5 54.Rxc3 Rh1 55.Ke4 Rxh3 
56.Rc8 Kg4 57.Rg8 Rh6 58.Ke3 Rh3 59.Ke4 {(offering 
draw)}  Rh6 {Nah  But it has been  great to play 
you}  60.Re8 Kh4 61.Kf5 Rh5 62.Kg6 Kg4 63.Re4+ Bf4 
64.Re2 Rh3 65.Rg2+ Rg3 66.Rxg3+ Kxg3 67.Kf5 g4 
68.Ke4 Bc7 69.Kf5 Kh3 70.Ke4 g3 71.Kf3 
Kh2 0-1